LEADER 02453nam 2200577Ia 450 001 9910792333403321 005 20230124190013.0 010 $a1-282-59178-9 010 $a9786612591785 010 $a90-485-0830-4 035 $a(CKB)2670000000017188 035 $a(EBL)542549 035 $a(OCoLC)607902626 035 $a(SSID)ssj0000401478 035 $a(PQKBManifestationID)11288095 035 $a(PQKBTitleCode)TC0000401478 035 $a(PQKBWorkID)10420511 035 $a(PQKB)10896062 035 $a(MiAaPQ)EBC542549 035 $a(Au-PeEL)EBL542549 035 $a(CaPaEBR)ebr10373178 035 $a(CaONFJC)MIL259178 035 $a(EXLCZ)992670000000017188 100 $a20100405d2009 uy 0 101 0 $aeng 135 $aur|n|---||||| 181 $ctxt 182 $cc 183 $acr 200 10$aDarwin meets Einstein$b[electronic resource] $eon the meaning of science /$fFrans W. Saris 210 $aAmsterdam $cAmsterdam University Press$d2009 215 $a1 online resource (175 p.) 300 $aDescription based upon print version of record. 311 $a90-8964-058-4 327 $aDarwin Meets Einstein; Contents; The temple of science; Diary of a physicist; Dear Zhong-lie; Alchemy; Worthwhile; Scientific nomads; Superheated Ice; Managing a discovery; Spy in the lab; B. Manfred Ullrich; Diary of a fusionist; Roger; Solar cells; Particle accelerators; The Silicon Age; The discoverer and the inventor; Jaap was right; Moore's law in Bilthoven; Teller in the Netherlands; The scientific life; Shopping; Fundamental research on matter; A vacuum is not nothing; Father of the atom; Who influenced Bohr?; Hooray for the electron; Decadence; Physics and faith 327 $aTheories of everythingA mind's eye; The mother of all knowledge; A matter of civilization; Why science?; Spinoza's God; Science through the looking glass ofliterature; Sir Charles; Darwin meets Einstein 330 $aA witty, hard-hitting exploration of the ultimate aims of science in a dramatic form 606 $aScience$xPhilosophy 606 $aScience$xPhilosophy$vDrama 615 0$aScience$xPhilosophy. 615 0$aScience$xPhilosophy 676 $a500 676 $a501 700 $aSaris$b Frans W$01514477 801 0$bMiAaPQ 801 1$bMiAaPQ 801 2$bMiAaPQ 906 $aBOOK 912 $a9910792333403321 996 $aDarwin meets Einstein$93749649 997 $aUNINA LEADER 04813nam 2200481 450 001 9910815163703321 005 20230119081858.0 010 $a1-78491-388-X 035 $a(CKB)4100000012027222 035 $a(MiAaPQ)EBC6728795 035 $a(Au-PeEL)EBL6728795 035 $a(OCoLC)976025215 035 $a(EXLCZ)994100000012027222 100 $a20230119d2016 uy 0 101 0 $aspa 135 $aurcnu|||||||| 181 $ctxt$2rdacontent 182 $cc$2rdamedia 183 $acr$2rdacarrier 200 10$aPatrones de asentamiento del Malpais de Zacapu (Michoacan, Mexico) y de sus alrededores en el Posclasico /$fGerald Migeon 210 1$aOxford :$cArchaeopress,$d[2016] 210 4$d©2016 215 $a1 online resource (155 pages) 225 1 $aParis Monographs in American Archaeology ;$vVolume 46 327 $aIntro -- AGRADECIMIENTOS -- Résumé -- Abstract -- 1-1- Delimitación de la zona de trabajo -- 1-2- Contexto geográfico y aspectos ambientales -- 3-2-3- El reconocimiento por foto-interpretación: -- 3-2-2- Los reconocimientos sistemáticos -- 3-2-1- Los reconocimientos con informantes -- 3-2- Los métodos de obtención del corpus de los sitios y las recolecciones de superficie -- 3-1- Las investigaciones arqueológicas anteriores -- 2-3- Los orígenes del poblamiento -- 2-2-2- Densidad de la población y del hábitat: -- 2-2-1- Jerarquización de los sitios y elementos de tipología -- 2-2- Jerarquización y elementos de tipología de los sitios, y densidad del hábitat. -- 4-1- Metodología de los sondeos -- 3-4- Cuadro cronológico esquemático de la cuenca de Zacapu. -- 3-3- Corpus de los sitios -- 5-1- Metodología de estudio de la estructura del hábitat -- -4-2-3-3- El grupo Zacapu tosco: Tipos Zacapu tosco variedad Yácatas, Zacapu rojo mediano variedad Yácatas, Zacapu café tosco variedad Yácatas, Zacapu café mediano variedad Yácatas -- -4-2-3-2- El grupo Malpaís: Tipo Malpaís Trícromo -- -4-2-3-1- El grupo Milpillas: Tipos Milpillas Pulido, Milpillas Inciso -- -4-2-3- Los grupos de la fase Milpillas -- -4-2-2-3- El grupo Rojo y Negro: tipos Chilar Negro Negativo variedad Chilar, Chilar Negro Negativo, variedad Crucita, Capulín Negro Positivo sobre Rojo -- -4-2-2-2- El grupo Palacio: Tipos Palacio Pulido, variedad Palacio, Palacio Pulido, variedad anaranjada, Palacio Inciso, variedad Palacio -- 4-2-2-1- El grupo "Hornos": Tipos Hornos fino y Hornos mediano, con variedades con pintura roja y decoraciones plásticas. -- 4-2-2- Los grupos, tipos y variedades de la Fase Palacio -- 4-2-1- El sistema de clasificación usado. -- 4-2- El material cerámico diagnóstico de los sitios postclásicos: grupos, tipos y variedades. 327 $a6-1-1-1- La llegada de los Uacúsechas a Zacapu -- 6-1-1- El debate sobre los orígenes de los Tarascos y el papel de Zacapu en este asunto: confrontación de los datos etnohistóricos e arqueológicos -- 6-1-¿Zacapu, lugar mítico o histórico de origen de los tarascos protohistóricos? -- 5-5-2- Estimaciones de población fundamentadas sobre el potencial agrícola. -- 5-5-1- Estimaciones de población fundamentadas sobre las estructuras residenciales -- 5-5- Estimaciones de población durante la fase Milpillas y potencial agrícola -- 5-4- La estructura del hábitat durante la fase Milpillas (1200/1250 a 1450) -- 5-3- La ocupación en el Posclásico temprano -- 5-2- La ocupación en el Clásico -- 6-2- La organización socio-política tarasca protohistórica de la región de Zacapu. -- 6-1-2-2- Tres esculturas "matadas" -- 6-1-2-1- Los fogones "matados" -- 6-1-2- El abandono de los sitios del malpaís de Zacapu -- 6-1-1-2- La estancia de los Uacúsechas en Zacapu -- BIBLIOGRAFIA -- GLOSARIO DE TÉRMINOS TARASCOS (O PURÉPECHAS) Y NAHUATL -- CRÉDITOS -- 2-1- Localización de los sitios y abastecimiento en agua. 330 $aPresents the results of the archaeological studies relative to the settlement pattern, realized within the framework of the Michoacán Projects I and III, studying of all the perceptible demonstrations of the prehispanic occupations in the region. 410 0$aBAR international series.$pParis monographs in American archaeology ;$vVolume 46. 606 $aExcavations (Archaeology) 606 $aExcavations (Archaeology)$zMexico$zMichoacan de Ocampo 606 $aHuman settlements 615 0$aExcavations (Archaeology) 615 0$aExcavations (Archaeology) 615 0$aHuman settlements. 676 $a913 700 $aMigeon$b Gerald$01255329 801 0$bMiAaPQ 801 1$bMiAaPQ 801 2$bMiAaPQ 906 $aBOOK 912 $a9910815163703321 996 $aPatrones de asentamiento del Malpais de Zacapu (Michoacan, Mexico) y de sus alrededores en el Posclasico$93997833 997 $aUNINA